| 000 | 00417nam a2200145 u 4500 | ||
|---|---|---|---|
| 001 | 000020727 | ||
| 005 | 20200930011143.0 | ||
| 008 | 100813s19uu dr r 001 0 spa d | ||
| 040 |
_aDO-SdBNP _bspa _cBPJMD |
||
| 082 |
_axxxx _bC334J |
||
| 245 | 0 | 0 | _a" A la casa Jehová iresmos". |
| 260 |
_a[Santo Domingo] : _bEscuela Biblica de Vacaciones, _c[190?]. |
||
| 300 |
_a14 p. : _bil. ; _c22 cm. |
||
| 500 | _aLibro del alumno | ||
| 999 |
_c20231 _d20231 |
||